000 01155nmm a2200313 a 4500
001 ocm000605234
003 TR-IsHL
005 20201028130841.0
008 131010s2005 tu tur
007 cr cn
020 _a9789759044091
035 _a605234
_b(N$T)
050 0 4 _aDS36.88
_b.R33 2005
090 0 4 _aDS36.88
_b.R33 2005
100 1 _aRabi, İbrahim M. Ebu
245 1 0 _aÇağdaş arap düşüncesi 1967 sonrası arap entelektüel tarihi araştırmaları
_h[electronic resource] /
_cİbrahim M. Ebu Rabi ; çev. İbrahim Kapaklıkaya
250 _a1. bs.
260 _aİstanbul :
_bAnka Yayınları,
_c2005
300 _a568 p.
650 4 _aFelsefe, Psikoloji ve Din
650 4 _aPhilosophy, Psychology and Religion
650 0 _aArap Milliyetçiliği
650 0 _aArab Nationalism
650 0 _aArap Ülkeleri
_xEntelektüel Yaşam
_x20. Yüzyıl
650 0 _aArab Countries
_xIntellectual Life
_x20th Century
650 7 _aPOLITICAL SCIENCE / World / Middle Eastern
_2bisacsh
700 1 _aKapaklıkaya, İbrahim
856 4 0 _uhttp://search.ebscohost.com/login.aspx?direct=true&scope=site&db=e011xww&AN=605234
999 _c4246
_d4246